Akumulácia tepla a využitie primárnych obnoviteľných zdrojov

Salvato in:
Dettagli Bibliografici
Autore principale: Svitek, Martin (Autore)
Altri autori: Muškát, Peter (Relatore della tesi)
Natura: Manoscritto Libro
Lingua:slovacco
Pubblicazione: 2016
Soggetti:
Accesso online:http://is.stuba.sk/zp/portal_zp.pl?podrobnosti=133176
Tags: Aggiungi Tag
Nessun Tag, puoi essere il primo ad aggiungerne!!

MARC

LEADER 00000ntm a22000003a 4500
001 stuzp57831
003 SK-STU
005 20160719155357.4
007 ta
008 150427s2015----xo-----f-mn---000-0-slo-d
040 |a STU  |b slo 
041 0 |a slo 
100 1 |a Svitek, Martin  |u 020060  |4 aut  |U SjF Strojnícka fakulta  |T SjF Ústav energetických strojov a zariadení  |X 63392  |U J0060  |Y 805  |7 63392 
242 0 1 |a Heat accumulation and use of primary renewable energy sources  |y eng 
245 1 0 |a Akumulácia tepla a využitie primárnych obnoviteľných zdrojov 
260 |c 2016 
650 4 |a akumulačný zásobník  |2 slo 
650 4 |a akumulácia tepla  |2 slo 
650 4 |a slnečná energia  |2 slo 
650 4 |a tepelné straty  |2 slo 
650 4 |a kolektorová plocha  |2 slo 
650 4 |a solar energy  |2 eng 
650 4 |a heat loss  |2 eng 
650 4 |a storage tank  |2 eng 
650 4 |a collector area  |2 eng 
650 4 |a heat accumulation  |2 eng 
700 1 |a Muškát, Peter  |u 020060  |k Z1  |4 ths  |U SjF Strojnícka fakulta  |T SjF Ústav energetických strojov a zariadení  |X 5022  |U J0060  |Y 805  |7 A00005022 
856 4 |u http://is.stuba.sk/zp/portal_zp.pl?podrobnosti=133176 
996 |b 284J043942  |c J* 2232/BP  |l JJSK  |s A  |a 24  |w stuzp57831_0001 
SQL |a stuzp57831  |b DBP  |c SLO  |d Akumulácia tepla a využitie primárnych obnoviteľných zdrojov  |e 63392  |f Svitek, Martin  |g 020060  |h 5022  |i Muškát, Peter  |j 20160613  |k 1126  |l 02  |m http://is.stuba.sk/zp/portal_zp.pl?podrobnosti=133176  |n B-ESZ  |o 5.2.6. energetické stroje a zariadenia